00427nam a2200157 a 450000100060000000300090000600800410001502000150005604000280007108200170009910000210011624500540013726000290019130000110022065000380023118420CO-ViMGA141112s2004 ck r 000 u spa d a9586481999 aCO-ViMGAbspacCO-ViMGA04a070.44 C657f1 aConsuegra, Jorge10a365 formas de decir : bCómo te quiero Colombia aBogotá, cEcoe, c1999 a193.p.14aCRONICAS PERIODISTICAS - COLOMBIA